Albín Brunovský. Teatrum mundi [Slovenská národná galéria, Bratislava 1996
| Main Author: | |
|---|---|
| Other Authors: | , , |
| Format: | Book |
| Language: | Slovak Czech English German |
| PhysicalDescription: | 96 s. fotogr., čiernobiele a fareb. reprod., zoz. diel 34 x 19 cm |
| Published: |
Bratislava
Slovenská národná galéria
1996
|
| ISBN: | 8085188716 |
| Subjects: |
MARC
| LEADER | 00000nam a2200000 a 4500 | ||
|---|---|---|---|
| 001 | vtls001221184 | ||
| 003 | SK-MaSNL | ||
| 005 | 20260425234508.0 | ||
| 008 | 130606s1996 xo o g c 00000dslo | ||
| 015 | |a SNBE1996/0201219 | ||
| 020 | |a 8085188716 | ||
| 035 | |a SNK000166312 | ||
| 040 | |a SNK |b slo |c SNK |e AACR2 | ||
| 041 | 0 | |a slo |a cze |a eng |a ger | |
| 044 | |a xo |c SK | ||
| 080 | |a 74/76.071.1:061.4(083.9)=854=20=30 |2 1981 | ||
| 080 | |a 069.6.02:73/76 |2 1981 | ||
| 080 | |a 929 Brunovský, Albín |2 1981 | ||
| 245 | 0 | 0 | |a Albín Brunovský. Teatrum mundi |b [Slovenská národná galéria, Bratislava 1996 |c koncepcia výstavy a katalógu Eva Trojanová ; grafická úprava Vladislav Rostoka ; fotografie Juraj Králik ; prekl. Hana Ondrejičková, František Gervai] |
| 260 | |a Bratislava |b Slovenská národná galéria |c 1996 | ||
| 300 | |a 96 s. |b fotogr., čiernobiele a fareb. reprod., zoz. diel |c 34 x 19 cm | ||
| 500 | |a Čiast. text čes. | ||
| 500 | |a Údaje o zodp. doplnené z patitulnej strany | ||
| 504 | |a Biogr. údaje | ||
| 546 | |a Súbež. text angl. a nem. | ||
| 600 | 1 | 7 | |a Brunovský, Albín, |d 1935-1997 |2 SNKMA |9 194164 |
| 650 | 0 | 7 | |a slovenské výtvarné umenie |2 SNKPH |9 68597 |
| 650 | 0 | 7 | |a slovenskí výtvarní umelci |2 SNKPH |9 83355 |
| 651 | 7 | |a Bratislava (Slovensko) |2 SNKPH |9 14568 | |
| 655 | 7 | |a katalógy výstav |2 SNKPH |9 70445 | |
| 700 | 1 | |a Trojanová, Eva |4 aut |4 cur |9 5049 | |
| 700 | 1 | |a Rostoka, Vladislav, |d 1948- |4 bkd |9 220020 | |
| 700 | 1 | |a Králik, Juraj, |d 1963- |4 pht |9 249819 | |
| 700 | 1 | |a Ondrejičková, Hana |4 trl |9 12186 | |
| 700 | 1 | |a Gervai, František |4 trl |9 43891 | |
| 710 | 2 | |a Slovenská národná galéria |4 orm |9 59840 | |
| 919 | |a 80-85188-71-6 | ||
| 958 | |a BX | ||
| 999 | |c 797193 |d 799123 | ||
| 952 | |t P60, <09>, [BOOK], {629} |a SNK |b SNK |y NEVYP |7 0 |o snkB 962 |i snk3335/961001 |0 0 |1 0 |4 0 |d 1996-09-27 |l 0 |r 2005-01-01 00:00:00 |w 2026-02-24 | ||
| 952 | |t P60, <03>, [BOOK], {603} |a SNK |b SNK |y PREZ |7 0 |p 17A0011758 |o snkOSB 11087 |i snkKSP 7880/96 |0 0 |1 0 |4 0 |d 1996-09-27 |l 0 |r 2005-01-01 00:00:00 |w 2026-02-24 | ||


